[Event "Wroclaw Anderssen Memorial"]
[Site "Wroclaw"]
[Date "2022.07.30"]
[Round "6"]
[White "Bech, Rafal"]
[Black "Mencfel, Artur"]
[Result "0-1"]
[WhiteElo "1094"]
[BlackElo "1668"]
[PlyCount "74"]
[EventDate "2022.07.30"]
[EventType "swiss (rapid)"]
[EventRounds "9"]
[EventCountry "POL"]
[SourceTitle "CBM 209 Extra"]
[Source "ChessBase"]
[SourceDate "2022.09.30"]
[SourceVersion "1"]
[SourceVersionDate "2022.09.30"]
[SourceQuality "1"]

1. d4 d5 2. Nc3 Nf6 3. Bf4 c6 4. e3 e6 5. g4 Qb6 6. a3 Qxb2 7. Na4 Bb4+ 8. axb4 Qxb4+ 9. c3 Qe7 10. g5 Ne4 11. Nf3 b5 12. Nb2 Nxc3 13. Qc2 b4 14. Na4 Nxa4 15. Qxa4 0-0 16. Bd3 Bb7 17. 0-0 a5 18. Ne5 Rc8 19. Rfc1 Qe8 20. h4 Ba6 21. Qxa5 f6 22. gxf6 gxf6 23. Ng4 Kh8 24. Bxb8 Rcxb8 25. Bxa6 Qg6 26. Qc7 Qxg4+ 27. Qg3 Qe4 28. Rxc6 Rg8 29. Qxg8+ Rxg8+ 30. Kf1 Qh1+ 31. Ke2 Qxa1 32. Rxe6 Rf8 33. Bd3 Rf7 34. Rd6 Kg7 35. Rxd5 Qa2+ 36. Kf3 Qxd5+ 37. Ke2 b3 0-1